000 00272nam a22001097a 4500
999 _c153901
_d153901
082 _a
_b
100 _aGanapati Sastri T
245 _aAryamanjusri mulakalpa
_cby Ganapati Sastri T
260 _aThiruvanathapuram:
_bKerala University,
_c2008.
650 _a
942 _cBK